[Event "Llinars del Valles op-B 10th"]
[Site "Llinars del Valles"]
[Date "2016.05.21"]
[Round "7"]
[White "Rius Soler, Benjami"]
[Black "Guiu Mesa, Jordi"]
[Result "1/2-1/2"]
[WhiteElo "1763"]
[BlackElo "1438"]
[PlyCount "82"]
[EventDate "2016.04.02"]
[EventType "swiss"]
[EventRounds "9"]
[EventCountry "ESP"]
[SourceTitle "CBM 172 Extra"]
[Source "ChessBase"]
[SourceDate "2016.06.21"]
[SourceVersion "1"]
[SourceVersionDate "2016.06.21"]
[SourceQuality "1"]

1. a4 e5 2. e3 Nf6 3. d4 exd4 4. exd4 d5 5. Bd3 Nc6 6. c3 Be7 7. Ne2 Bg4 8. 0-0 h6 9. Bf4 0-0 10. Re1 Re8 11. Nd2 Bd6 12. Bxd6 Qxd6 13. f3 Bh5 14. Qc2 Re3 15. Nf1 Re7 16. Neg3 Rxe1 17. Rxe1 Ne7 18. Nxh5 Nxh5 19. g3 Nf6 20. Kg2 Re8 21. Re3 Kf8 22. Qe2 a6 23. a5 Qd7 24. Nd2 Nc6 25. b4 Rxe3 26. Qxe3 Qe7 27. Kf2 Qe6 28. Qxe6 fxe6 29. Nb3 Nd7 30. f4 Ke7 31. Ke3 Nd8 32. g4 Nf7 33. h4 Nd6 34. g5 Nf5+ 35. Bxf5 exf5 36. Nc5 Nxc5 37. dxc5 c6 38. h5 hxg5 39. fxg5 Kf7 40. g6+ Ke7 41. Kf4 Ke6 1/2-1/2

[Event "Llinars del Valles op-B 10th"]
[Site "Llinars del Valles"]
[Date "2016.04.23"]
[Round "4"]
[White "Gabarro Servitja, Adria"]
[Black "Rius Soler, Benjami"]
[Result "0-1"]
[WhiteElo "1411"]
[BlackElo "1763"]
[PlyCount "44"]
[EventDate "2016.04.02"]
[EventType "swiss"]
[EventRounds "9"]
[EventCountry "ESP"]
[SourceTitle "CBM 172 Extra"]
[Source "ChessBase"]
[SourceDate "2016.06.21"]
[SourceVersion "1"]
[SourceVersionDate "2016.06.21"]
[SourceQuality "1"]

1. e4 e6 2. d4 d5 3. Bd3 dxe4 4. Bxe4 Nd7 5. Ne2 Ngf6 6. Bf3 Be7 7. Be3 0-0 8. Nbc3 a6 9. a4 Nb6 10. Qd3 Nbd5 11. 0-0 Bd7 12. Ne4 Bc6 13. N2c3 Nxc3 14. Nxf6+ Bxf6 15. Bxc6 bxc6 16. Qxc3 Qd5 17. Qd3 Rfd8 18. c3 c5 19. Rad1 cxd4 20. cxd4 c5 21. Rd2 cxd4 22. Qe2 Qe4 0-1

[Event "Llinars del Valles op-B 8th"]
[Site "Llinars del Valles"]
[Date "2014.05.10"]
[Round "3"]
[White "Rius Soler, Benjami"]
[Black "Cano Ortega, Francisco Antonio"]
[Result "1-0"]
[WhiteElo "1954"]
[BlackElo "1863"]
[PlyCount "87"]
[EventDate "2014.04.26"]
[EventType "swiss"]
[EventRounds "8"]
[EventCountry "ESP"]
[SourceTitle "EXT 2015"]
[Source "ChessBase"]
[SourceDate "2014.11.20"]
[SourceVersion "1"]
[SourceVersionDate "2014.11.20"]
[SourceQuality "1"]

1. d4 d5 2. Bf4 Nf6 3. e3 c6 4. c3 Bf5 5. Nd2 e6 6. Ngf3 Be7 7. Ne5 Nbd7 8. Be2 0-0 9. 0-0 Nxe5 10. Bxe5 Nd7 11. Bg3 a5 12. Nf3 Qb6 13. Qc1 h6 14. Nh4 Bh7 15. f4 Qd8 16. Nf3 f6 17. Qd2 c5 18. Bh4 b6 19. g4 g5 20. Bg3 c4 21. Rae1 Bd6 22. Bd1 a4 23. a3 Rf7 24. Bc2 Be4 25. Qf2 f5 26. Ne5 Nxe5 27. fxe5 Be7 28. Bxe4 dxe4 29. Qe2 b5 30. gxf5 exf5 31. Qh5 Ra6 32. Re2 Qd5 33. Ref2 Qe6 34. d5 Qg6 35. Qxg6+ Rxg6 36. Rxf5 Rxf5 37. Rxf5 Bc5 38. Kf2 Rg7 39. e6 h5 40. Be5 Rg6 41. Rf7 g4 42. Rc7 Bb6 43. Rc8+ Kh7 44. Rh8# 1-0

[Event "Llinars del Valles op-B 8th"]
[Site "Llinars del Valles"]
[Date "2014.05.03"]
[Round "2"]
[White "Rosas Ventura, Salvador"]
[Black "Rius Soler, Benjami"]
[Result "0-1"]
[WhiteElo "1815"]
[BlackElo "1954"]
[PlyCount "78"]
[EventDate "2014.04.26"]
[EventType "swiss"]
[EventRounds "8"]
[EventCountry "ESP"]
[SourceTitle "EXT 2015"]
[Source "ChessBase"]
[SourceDate "2014.11.20"]
[SourceVersion "1"]
[SourceVersionDate "2014.11.20"]
[SourceQuality "1"]

1. e4 e6 2. Nc3 d5 3. exd5 exd5 4. d4 c6 5. Be2 Bd6 6. Nf3 Bf5 7. 0-0 Ne7 8. Nh4 Bg6 9. f4 Nf5 10. Nxf5 Bxf5 11. g4 Be4 12. Bf3 Bxf3 13. Qxf3 0-0 14. Bd2 Qb6 15. Qd3 Nd7 16. Kh1 Rae8 17. Na4 Qc7 18. b4 Nf6 19. g5 Nh5 20. Qf3 g6 21. Nc5 Re7 22. Nd3 Re4 23. Be3 Rfe8 24. Rae1 Ng7 25. Nc5 Bxc5 26. bxc5 Qa5 27. Re2 Qc3 28. Rfe1 Nf5 29. Qh3 Rxe3 30. Qf1 Qxd4 31. Rxe3 Rxe3 32. Rb1 Qe4+ 33. Kg1 Rf3 34. Qc1 Qd4+ 35. Kh1 Ne3 36. Qg1 Qxf4 37. Re1 Rf1 38. Rxf1 Qxf1 39. Qxf1 Nxf1 0-1

[Event "Roncana op-A 7th"]
[Site "Santa Eulalia de Roncana"]
[Date "2013.10.26"]
[Round "4"]
[White "Rius Soler, Benjami"]
[Black "Baltasar Diaz, Vicente"]
[Result "1-0"]
[WhiteElo "1777"]
[BlackElo "1640"]
[PlyCount "61"]
[EventDate "2013.10.05"]
[EventType "swiss"]
[EventRounds "8"]
[EventCountry "ESP"]
[SourceTitle "CBM 157 Extra"]
[Source "ChessBase"]
[SourceDate "2013.12.19"]
[SourceVersion "1"]
[SourceVersionDate "2013.12.19"]
[SourceQuality "1"]

1. e4 c5 2. Nc3 d6 3. f4 g6 4. Nf3 Bg7 5. Bb5+ Bd7 6. Bxd7+ Qxd7 7. 0-0 e6 8. d3 Ne7 9. Be3 Nbc6 10. Rb1 0-0 11. Ne2 Rab8 12. c3 b5 13. Qc2 b4 14. c4 f5 15. b3 a5 16. Rbd1 Qc8 17. d4 fxe4 18. Qxe4 d5 19. cxd5 exd5 20. Qd3 cxd4 21. Nfxd4 Rd8 22. Rc1 Qb7 23. Rc5 Nxd4 24. Nxd4 Qa8 25. Ne6 Rdc8 26. Nxg7 Kxg7 27. Qd4+ Kg8 28. g4 Rxc5 29. Qxc5 Rb7 30. h3 Qa7 31. Qxa7 1-0

[Event "Roncana op 6th"]
[Site "Santa Eulalia de Roncana"]
[Date "2012.11.24"]
[Round "7"]
[White "Ayats Llobera, Gerard"]
[Black "Rius Soler, Benjami"]
[Result "1/2-1/2"]
[WhiteElo "1594"]
[BlackElo "1770"]
[PlyCount "106"]
[EventDate "2012.10.06"]
[EventType "swiss"]
[EventRounds "8"]
[EventCountry "ESP"]
[SourceTitle "EXT 2014"]
[Source "ChessBase"]
[SourceDate "2013.11.20"]
[SourceVersion "1"]
[SourceVersionDate "2013.11.20"]
[SourceQuality "1"]

1. e4 e6 2. d4 d5 3. Nc3 Bb4 4. e5 c5 5. a3 cxd4 6. axb4 dxc3 7. bxc3 Qc7 8. Bb5+ Bd7 9. Bxd7+ Nxd7 10. Qd4 Qxe5+ 11. Qxe5 Nxe5 12. Be3 a6 13. Bd4 f6 14. Bxe5 fxe5 15. Nf3 e4 16. Nd4 Ke7 17. 0-0 Nf6 18. Ra3 Rac8 19. Rb1 g6 20. b5 e5 21. Ne2 axb5 22. Rxb5 Rc7 23. Ra7 Rb8 24. g4 Nxg4 25. Rxd5 Ke6 26. Rb5 Nf6 27. Rb6+ Ke7 28. Rb5 Nd7 29. Ra4 Rc5 30. Rbb4 Rd5 31. Rxe4 Nc5 32. Ra5 Rd1+ 33. Kg2 Nxe4 34. Rxe5+ Kd6 35. Rxe4 Rd8 36. Nd4 Kd5 37. Re7 Kc4 38. Rc7+ Kd5 39. Rxb7 h5 40. Rb6 Rd6 41. Rxd6+ Kxd6 42. h4 Kd5 43. Kf3 Kc4 44. Ne2 Re1 45. Nf4 Kxc3 46. Nxg6 Kxc2 47. Kf4 Rg1 48. Kf5 Kd2 49. f4 Ke3 50. Ne5 Rg8 51. Ng6 Rxg6 52. Kxg6 Kxf4 53. Kxh5 Kf5 1/2-1/2

[Event "Llinars del Valles op-B 6th"]
[Site "Llinars del Valles"]
[Date "2012.05.19"]
[Round "6"]
[White "Rius Soler, Benjami"]
[Black "Cruz, Jefferson"]
[Result "1/2-1/2"]
[WhiteElo "1768"]
[BlackElo "1770"]
[PlyCount "66"]
[EventDate "2012.04.14"]
[EventType "swiss"]
[EventRounds "9"]
[EventCountry "ESP"]
[SourceTitle "EXT 2013"]
[Source "ChessBase"]
[SourceDate "2012.11.22"]
[SourceVersion "1"]
[SourceVersionDate "2012.11.22"]
[SourceQuality "1"]

1. d4 Nf6 2. Bf4 g6 3. e3 Bg7 4. Nf3 0-0 5. h3 c5 6. c3 b6 7. Na3 Bb7 8. Be2 d6 9. 0-0 Nbd7 10. Re1 a6 11. Rc1 Qc7 12. Bh2 Ne4 13. Nc4 b5 14. Ncd2 f5 15. a3 e5 16. Qb3+ c4 17. Qc2 Rae8 18. Rcd1 d5 19. dxe5 Nxe5 20. Nxe5 Bxe5 21. Bxe5 Qxe5 22. Nf3 Qf6 23. h4 f4 24. exf4 Qxf4 25. Qc1 Qf6 26. Bf1 Re5 27. Nxe5 Qxf2+ 28. Kh1 Qxh4+ 29. Kg1 Nf2 30. Nf3 Rxf3 31. gxf3 Qg3+ 32. Bg2 Nh3+ 33. Kh1 Nf2+ 1/2-1/2

[Event "Roncana op-A 5th"]
[Site "Santa Eulalia de Roncana"]
[Date "2011.11.19"]
[Round "7"]
[White "Villar Reyes, Ramon"]
[Black "Rius Soler, Benjami"]
[Result "1-0"]
[WhiteElo "1690"]
[BlackElo "1799"]
[PlyCount "45"]
[EventDate "2011.10.01"]
[EventType "swiss"]
[EventRounds "8"]
[EventCountry "ESP"]
[SourceTitle "EXT 2013"]
[Source "ChessBase"]
[SourceDate "2012.11.22"]
[SourceVersion "1"]
[SourceVersionDate "2012.11.22"]
[SourceQuality "1"]

1. e4 e6 2. d4 d5 3. e5 c5 4. c3 Ne7 5. Nf3 Nd7 6. Be2 cxd4 7. cxd4 Nc6 8. Nc3 Be7 9. Be3 0-0 10. 0-0 f5 11. exf6 Nxf6 12. h3 a6 13. a4 Bd6 14. Rc1 Qe7 15. Qb3 Ne4 16. Rfd1 h6 17. Nxe4 dxe4 18. Nd2 Qh4 19. Bg4 Nd8 20. Nxe4 Be7 21. Nc5 Bxc5 22. Rxc5 Kh8 23. Rdc1 1-0